Statistics for Random countries and capitals

Click here to take the quiz!

General Stats

  • This quiz has been taken 216 times
    (215 since last reset)
  • The average score is 14 of 20

Answer Stats

Hint Answer % Correct
LiechtensteinVaduz
91%
VilniusLithuania
86%
LebanonBeirut
82%
SkopjeMacedonia
82%
ParamariboSuriname
79%
VientianeLaos
76%
SuvaFiji
74%
CambodiaPhnom Penh
74%
BelizeBelmopan
73%
NamibiaWindhoek
72%
TurkmenistanAshgabat
68%
AsmaraEritrea
65%
LiberiaMonrovia
64%
TajikistanDushanbe
63%
St George'sGrenada
63%
VanuatuPort Vila
61%
ComorosMoroni
57%
MauritaniaNouakchott
51%
Saint Vincent and the GrenadinesKingstown
49%
TuvaluFunafuti
48%

Score Distribution

Percentile by Number Answered

Percent of People with Each Score

Your Score History

You have not taken this quiz since the last reset